Sports Quiz

Random Sports or NFL Quiz

NFL Last 20 Rookie Leaders Quiz Stats

 Plays Quiz Updated Jan 4, 2018

Challenge
Share
Tweet
Embed
Score 0/63 Timer 08:00
6 Plays Today
Stat Rookie % Correct
Passing YardsCam Newton
92.4%
Passing YardsAndrew Luck
92.1%
Passing YardsGeno Smith
92%
Passing YardsDerek Carr
91%
Passing YardsDavid Carr
90.6%
Passing YardsMatt Ryan
89.5%
Passing YardsJameis Winston
86.4%
Passing YardsPeyton Manning
85.3%
Passing YardsSam Bradford
84.8%
Passing YardsCarson Wentz
84.8%
Receiving YardsOdell Beckham Jr.
83.7%
Rushing YardsEzekiel Elliott
82.5%
Passing YardsBen Roethlisberger
82.2%
Rushing YardsAdrian Peterson
81.7%
Receiving YardsAJ Green
80.9%
Rushing YardsEddie Lacy
79.7%
Passing YardsMark Sanchez
78.8%
Rushing YardsTodd Gurley
78.5%
Rushing YardsDeMarco Murray
77%
Rushing YardsKareem Hunt
75.5%
Passing YardsDeShone Kizer
73.8%
Rushing YardsAlfred Morris
73.4%
Rushing YardsDomanick Williams
71.8%
Receiving YardsMichael Thomas
70.7%
Receiving YardsAmari Cooper
70.4%
Rushing YardsLaDainian Tomlinson
70.3%
Rushing YardsEdgerrin James
69.5%
Rushing YardsJeremy Hill
67.1%
Receiving YardsJuJu Smith-Schuster
65.2%
Receiving YardsRandy Moss
64.8%
Rushing YardsCadillac Williams
61.9%
Receiving YardsMike Williams
61.8%
Stat Rookie % Correct
Receiving YardsDarrell Jackson
60.1%
Passing YardsTim Couch
59.6%
Receiving YardsKeenan Allen
59%
Rushing YardsFred Taylor
57.2%
Receiving YardsMarques Colston
57%
Rushing YardsJoseph Addai
56.7%
Receiving YardsDwayne Bowe
54.8%
Receiving YardsKevin Johnson
54%
Passing YardsDoug Johnson
54%
Passing YardsByron Leftwich
50.4%
Rushing YardsMike Anderson
49.8%
Rushing YardsKevin Jones
49%
Passing YardsMatt Leinart
48.9%
Passing YardsKyle Orton
47.8%
Rushing YardsCorey Dillon
46.2%
Receiving YardsJustin Blackmon
45.4%
Rushing YardsClinton Portis
44.2%
Receiving YardsAnquan Boldin
43.1%
Receiving YardsPercy Harvin, Hakeem Nicks
40.9%
Rushing YardsKnowshon Moreno
40.8%
Passing YardsJake Plummer
35.9%
Rushing YardsSteve Slaton
35.3%
Receiving YardsReggie Brown
34.4%
Passing YardsTrent Edwards
31.7%
Passing YardsChris Weinke
26.3%
Rushing YardsLeGarrette Blount
23.2%
Receiving YardsChris Chambers
18.2%
Receiving YardsJeremy Shockey
14.2%
Receiving YardsEddie Royal
9.9%
Receiving YardsMichael Clayton
9.9%
Receiving YardsRae Carruth
6.3%

You're not logged in!

Compare scores with friends on all Sporcle quizzes.
OR
Log In

You Might Also Like...

Show Comments

Extras

Top Quizzes Today


Score Distribution

Your Account Isn't Verified!

In order to create a playlist on Sporcle, you need to verify the email address you used during registration. Go to your Sporcle Settings to finish the process.

Report this User

Report this user for behavior that violates our Community Guidelines.

Details: